[Event "3rd Sharjah Masters 2019"]
[Site "Sharjah"]
[Date "2019.03.23"]
[Round "2.28"]
[White "Priyanka Nutakki"]
[Black "Stany, G.A."]
[Result "0-1"]
[WhiteElo "2297"]
[BlackElo "2507"]
[Annotator "TA"]
[PlyCount "87"]
[EventDate "2019.03.22"]
[EventType "swiss"]
[EventCountry "UAE"]
[SourceTitle "playchess.com"]
[Source "ChessBase"]
[SourceQuality "1"]

{[%evp 15,87,25,27,25,18,6,22,11,47,20,45,-84,-79,-72,-71,-70,-76,-96,-91,-117,-43,-102,-104,-111,-100,-111,-30,-26,-24,-32,0,-48,-53,-100,-108,-118,-117,-325,-322,-368,-367,-537,-379,-795,-191,-196,-187,-329,-328,-296,-226,-259,-208,-375,-365,-563,-552,-1689,-484,-528,-528,-575,-550,-684,-661,-713,-714,-715,-708,-714,-703,-695,-694,-942]} 1. Nf3 d5 2. g3 Nf6 3. Bg2 g6 4. b3 Bg7 5. Bb2 O-O 6. c4 c6 7. O-O a5 8. d3 a4 9. Nbd2 {A11: English Opening: 1...c6} Re8 10. Qc2 Nbd7 11. Ne5 {The position is equal.} Nf8 12. Rac1 Ne6 $146 ({Predecessor:} 12... d4) 13. e4 (13. b4 $14 {keeps the upper hand.}) 13... axb3 $17 14. axb3 dxe4 15. dxe4 Ra2 {...Ng4! is the strong threat.} 16. Nd3 Ng4 17. Ra1 {[#]} Rxa1 ({Black should try} 17... Nxf2 $1 $17 {[%mdl 512] White must now prevent ...Rxb2.} 18. Rxa2 (18. Nxf2 Rxb2) 18... Nxd3 19. Bxg7 Nb4) 18. Rxa1 (18. Bxa1 $15 Bxa1 19. Rxa1) 18... Bxb2 19. Nxb2 Nd4 20. Qd1 {[#]} Qb6 (20... Ne5 $1 $17 21. Ra8 Qb6) 21. Nd3 $11 Rd8 22. Ra8 Nf6 23. h3 Kg7 {Threatens to win with ...Bg4.} 24. e5 {[#] aiming for c5.} Ne8 $1 $36 {[%mdl 2048] Black is really pushing.} 25. b4 Bg4 {[%mdl 64] Discovered Attack} 26. Qxg4 $2 (26. Qa1 $17 {was called for.} Ne2+ {[%mdl 64] Discovered Attack} 27. Kh2 Rxd3 28. Rxe8) 26... Rxa8 $19 27. Ne4 Ne6 28. Qh4 (28. Nd2 $142) 28... Qd4 29. Nf4 $2 (29. Ng5 Qxh4 30. Nxe6+ fxe6 31. gxh4) 29... Qxe5 $2 (29... Ra1+ 30. Kh2 Qd1) 30. Qxe7 Qa1+ 31. Kh2 (31. Bf1 $142 Nxf4 32. gxf4) 31... Nxf4 32. gxf4 Rb8 33. b5 Qd4 34. b6 $2 (34. bxc6 {might work better.} bxc6 35. h4) 34... Nf6 35. Qc7 (35. Nd6 {was necessary.} Qxf4+ 36. Kg1) 35... Re8 {Black is clearly winning.} ({Weaker is} 35... Nxe4 36. Qxb8 Nd6 37. f5 $17) 36. Ng3 Qd7 (36... Qxf2 $142 {( -> ...Re1)} 37. Nh1 Qd4) 37. Qxd7 Nxd7 {[%mdl 4096] Endgame KRN-KBN} 38. Ne4 Nxb6 39. Nd6 Re7 40. f5 Kf6 41. fxg6 hxg6 42. f4 Ke6 43. c5 Na4 44. Ne4 {Accuracy: White = 19%, Black = 49%.} 0-1

[Event "3rd Sharjah Masters 2019"]
[Site "Sharjah"]
[Date "2019.03.23"]
[Round "2.29"]
[White "Sharma, Dinesh K."]
[Black "Sindarov, Javokhir"]
[Result "1/2-1/2"]
[WhiteElo "2286"]
[BlackElo "2505"]
[Annotator "TA"]
[PlyCount "90"]
[EventDate "2019.03.22"]
[EventType "swiss"]
[EventCountry "UAE"]
[SourceTitle "playchess.com"]
[Source "ChessBase"]
[SourceQuality "1"]

{[%evp 29,90,58,50,32,62,22,34,2,24,0,0,0,0,6,6,-17,0,0,0,1,0,0,8,0,13,0,12,0,12,0,12,0,5,0,10,0,0,0,16,12,14,12,15,15,12,16,49,64,58,58,79,74,70,33,33,7,7,0,104,0,33,0,7]} 1. Nf3 g6 2. c4 c5 3. d4 cxd4 4. Nxd4 Bg7 5. e4 Nc6 6. Be3 Nf6 7. Nc3 d6 8. Be2 O-O 9. O-O Bd7 10. Qd2 a5 11. f3 Nxd4 12. Bxd4 Bc6 13. Rab1 Nd7 14. Be3 Nc5 15. b3 e6 16. Rfd1 {B38: Sicilian: Maroczy Bind with 5...Bg7 and 7...0-0} (16. a3 Be5 17. b4 axb4 18. axb4 Ra3 19. bxc5 Rxc3 20. f4 Bg7 21. e5 dxe5 22. Qxc3 exf4 23. Qd2 Qg5 {0-1 (43) Bu,X (2730)-Savchenko,B (2566) Riadh 2017}) 16... Be5 17. Bd4 Qe7 18. Bxe5 {White is slightly better.} dxe5 19. Qd6 Qxd6 20. Rxd6 Rfd8 21. Rxd8+ Rxd8 22. Rd1 Ra8 23. Bd3 $146 ({Predecessor:} 23. Kf2 Kf8 {½-½ (48) Yilmazyerli,M (2459)-Heberla,B (2577) Kocaeli 2017}) 23... Kf8 24. Kf2 Ke7 25. Bc2 b6 26. Ke3 Be8 27. Rb1 Nb7 28. Bd3 Nd6 29. Rc1 Rc8 30. Ne2 Nb7 31. a3 Nd8 32. Ra1 Nc6 33. Rd1 f5 34. g3 Rd8 35. Bc2 Rxd1 36. Bxd1 $11 {[%mdl 4096] Endgame KBN-KBN} g5 37. g4 f4+ 38. Kd3 h5 39. h3 h4 40. Kc3 Kd6 41. b4 Bd7 42. Bc2 Kc7 43. Bd1 Be8 {[#]} (43... Kd6 $11 {keeps the balance.}) 44. Bc2 ({White should try} 44. Nc1 $1 $16) 44... Kd6 45. Bd1 Bd7 {Accuracy: White = 31%, Black = 33%.} 1/2-1/2

[Event "3rd Sharjah Masters 2019"]
[Site "Sharjah"]
[Date "2019.03.23"]
[Round "2.30"]
[White "Nasanjargal, Urtnasan"]
[Black "Koniahli, Malek."]
[Result "1-0"]
[WhiteElo "2503"]
[BlackElo "2294"]
[Annotator "TA"]
[PlyCount "87"]
[EventDate "2019.03.22"]
[EventType "swiss"]
[EventCountry "UAE"]
[SourceTitle "playchess.com"]
[Source "ChessBase"]
[SourceQuality "1"]

{[%evp 28,87,29,27,39,7,24,0,0,0,15,14,31,41,57,47,39,44,49,67,64,60,70,66,110,76,99,114,95,93,132,121,164,142,243,182,171,180,173,183,211,134,292,263,532,501,729,666,757,641,1439,1380,1204,1137,29978,29976,29986,29987,29987,29988,29992,29993]} 1. d4 Nf6 2. c4 g6 3. Nc3 Bg7 4. e4 d6 5. Nf3 O-O 6. Be2 Na6 7. O-O e5 8. Be3 Ng4 9. Bg5 Qe8 10. dxe5 dxe5 11. h3 h6 12. Bd2 Nf6 13. Be3 Qe7 14. a3 c6 15. b4 Nh5 {E94: King's Indian: Classical: 6 Be2 e5 7 0-0: Various Black 7th moves} 16. Re1 Nf4 17. Bxf4 (17. Bf1 Rd8 18. Qc2 Ne6 19. Rad1 Nd4 20. Bxd4 exd4 21. Ne2 c5 22. b5 Nc7 23. Nf4 {½-½ (100) Ghaem Maghami,E (2554)-Gundavaa,B (2516) Incheon 2013}) 17... exf4 {The position is equal.} 18. e5 Bf5 19. c5 $146 ({Predecessor:} 19. Qc1 g5 20. c5 Nc7 21. Bc4 a5 22. Ne4 Bxe4 23. Rxe4 {½-½ (47) Morcin,T (1841)-Herzog,K (1785) LSS email 2010}) 19... Rfd8 20. Qc1 $36 {[%mdl 2048] White has good play.} g5 21. Bc4 Nc7 22. Ne4 Bxe4 23. Rxe4 a5 24. Rb1 axb4 25. axb4 Ne6 26. Qc2 Rd7 27. Ree1 Rad8 28. Qf5 Nc7 29. h4 Ne6 30. hxg5 hxg5 (30... Nxg5 $16 31. Qxf4 Kh8) 31. Bxe6 fxe6 32. Qg6 Qf7 33. Qxg5 Rd5 34. Nh4 Rd4 $2 {[#]} (34... Kh7 $16 35. Nf3 Bh6) 35. Rb3 Kf8 $2 (35... Re8 36. Ng6 Rd7 37. Nxf4 Qf5 38. Qxf5 exf5) 36. Ng6+ $18 Kg8 37. Rf3 Ra8 38. g3 Rxb4 39. Kg2 Re8 40. Rh1 Qd7 41. Rh4 {White mates.} Rc4 42. Qh5 Qd5 43. Nxf4 Rxf4 44. Qh7+ {Accuracy: White = 78%, Black = 36%.} 1-0

[Event "3rd Sharjah Masters 2019"]
[Site "Sharjah"]
[Date "2019.03.23"]
[Round "2.31"]
[White "Karthik, Venkataraman"]
[Black "Ranaldi, Lucas"]
[Result "1-0"]
[WhiteElo "2494"]
[BlackElo "2279"]
[Annotator "TA"]
[PlyCount "65"]
[EventDate "2019.03.22"]
[EventType "swiss"]
[EventCountry "UAE"]
[SourceTitle "playchess.com"]
[Source "ChessBase"]
[SourceQuality "1"]

{[%evp 9,65,-15,-15,-17,-20,-27,-18,-25,-6,-4,-13,-14,-21,-25,-16,-28,-26,-55,-53,-53,-52,-50,-47,-46,-43,-66,7,6,13,5,323,47,319,323,535,516,554,-555,567,523,721,693,730,745,737,698,803,781,724,422,398,351,709,693,5281,5310,1842,1197]} 1. d4 Nf6 2. Bg5 b6 3. Bxf6 exf6 4. e3 Bb7 5. Nd2 g6 6. Ngf3 {A45: Trompowsky Attack} Bg7 7. g3 O-O 8. Bg2 {The position is equal.} d6 9. O-O f5 10. a4 $146 ({Predecessor:} 10. Ne1 Bxg2 11. Nxg2 Nd7 12. Qf3 Re8 {1-0 (55) Andreikin,D (2705)-Pogromsky,M (2416) Sochi 2017}) 10... c5 11. c3 Qc7 12. h4 Nd7 13. h5 Nf6 14. hxg6 hxg6 15. Ng5 Rfe8 16. Bxb7 Qxb7 17. Qf3 Ne4 (17... Qd7 $15) 18. Ndxe4 fxe4 19. Qh1 {[#] Hoping for f3.} Bf6 $2 {[%mdl 8192]} (19... Qd5 $1 $11 {and Black is okay.} 20. Qh7+ Kf8) 20. Qh7+ $18 Kf8 21. f4 {aiming for f5.} exf3 $2 (21... Qd5 22. dxc5 Re7 23. cxd6 Qxd6) 22. Rxf3 ({Weaker is} 22. Nxf3 Qe7 $14) 22... Bxg5 23. Qh8+ Ke7 {[#]} 24. Rxf7+ $1 {[%mdl 512]} Ke6 (24... Kxf7 25. Qh7+) 25. Qh3+ (25. Rxb7 $2 {is the wrong capture.} Rxh8 26. Re1 Kf5 $19) 25... Kxf7 26. Qh7+ Ke6 27. Qxb7 Bxe3+ 28. Kg2 cxd4 29. Qe4+ Kd7 30. Qg4+ Kc6 $2 (30... Kc7 31. Qxg6 Rad8) 31. cxd4 {White is clearly winning.} Kd5 32. Qf3+ Re4 33. Re1 {Accuracy: White = 74%, Black = 55%.} 1-0

[Event "3rd Sharjah Masters 2019"]
[Site "Sharjah"]
[Date "2019.03.23"]
[Round "2.32"]
[White "Mullick, Raahil"]
[Black "Vokhidov, Shamsiddin"]
[Result "0-1"]
[WhiteElo "2275"]
[BlackElo "2494"]
[Annotator "TA"]
[PlyCount "84"]
[EventDate "2019.03.22"]
[EventType "swiss"]
[EventCountry "UAE"]
[SourceTitle "playchess.com"]
[Source "ChessBase"]
[SourceQuality "1"]

{[%evp 21,84,33,48,38,51,53,56,57,35,36,38,37,30,-35,-27,-47,-36,-20,-17,-71,0,0,0,0,0,0,0,0,0,0,0,0,215,193,211,189,222,211,191,157,150,96,101,13,30,-13,-16,-85,-93,-131,-133,-329,-210,-243,-218,-1056,-1043,-1087,-1079,-1079,-1068,-1136,-1130,-4770,-4770]} 1. e4 c5 2. Nf3 d6 3. d4 cxd4 4. Nxd4 Nf6 5. Nc3 Bd7 6. Bg5 e6 7. Qd2 a6 {B56: Classical Sicilian: Unusual Lines} (7... h6 8. Bxf6 Qxf6 9. Ndb5 Bxb5 10. Bxb5+ Nc6 11. O-O-O a6 12. Bxc6+ bxc6 13. f4 Qd8 14. g4 Qa5 15. h4 {½-½ (42) Leko,P (2714)-Li,C (2748) Szeged 2015 CBM 168 [Fischer,J]}) 8. O-O-O h6 9. Bh4 Nxe4 10. Qf4 Ng5 11. Qe3 Be7 $1 {LiveBook: 8 Games} 12. f4 Nh7 13. Bxe7 Qxe7 14. g4 $1 Nc6 15. Bg2 {[#]} O-O-O $146 16. Rhe1 Nf6 17. Ndb5 (17. h3 $11) 17... axb5 $15 18. Nxb5 Be8 19. Qb6 $1 d5 20. Re3 (20. Rd3 $11) 20... Kb8 (20... Nxg4 $2 21. Ra3 $18) (20... Nb4 $1 $17 {[%cal Rb4a2]} 21. Rc3+ Bc6) 21. Ra3 $11 Rc8 {[#]} ({Reject} 21... Nxg4 $6 22. h3 $14) 22. Ra7 $1 {[%mdl 512] Rd3! is the strong threat.} Rc7 $1 (22... Nxa7 23. Qxa7#) 23. Ra4 Rc8 {aiming for ...Nd7.} 24. Ra7 $1 $40 {[%mdl 128] Hoping for Rd3! White is up to no good.} Rc7 $1 (24... Nxg4 25. Rd3 $16) 25. Nxc7 {[%csl Ga7][%cal Rb6b7]} Nxa7 26. Na6+ $1 Kc8 $2 (26... Ka8 $11 {and Black is okay.} 27. Nc7+ Kb8 28. Na6+ Ka8 29. Nc7+ Kb8) 27. Qxa7 $18 {Intending Qb8+ and mate.} Qd6 28. Qa8+ Kd7 {[%cal Bc8d7,Bd7d8,Bd8e7][%mdl 32]} 29. Qxb7+ Kd8 30. Rd4 Bd7 31. Nb4 (31. Qa8+ $142 Bc8 32. Nb4) 31... Ke7 $16 32. Qa7 (32. h3 $1 $16) 32... g5 $11 33. Qa3 gxf4 34. Kb1 (34. Bf3 $1 $11) 34... Rb8 $1 $17 ({Not} 34... Nxg4 $2 35. Bxd5 $1 {[%mdl 512]} Kf6 36. Qc3 $18) 35. Rxf4 {Strongly threatening Nxd5+!} Ne4 $1 {Threatens to win with ...Ke8.} 36. c3 $2 (36. Nxd5+ $17 exd5 37. Qxd6+ Kxd6 38. Bxe4 dxe4 39. Rxe4) 36... Nxc3+ 37. Kc2 Ne4 $1 {[#]} 38. Nd3 $2 (38. Nxd5+ $1 {[%mdl 512]} exd5 39. Qxd6+ Kxd6 40. Bxe4) 38... Qxa3 $19 {Black is clearly winning.} 39. bxa3 Ba4+ 40. Kc1 Rc8+ 41. Kb1 Bc2+ 42. Kb2 Bxd3 {Precision: White = 36%, Black = 83%.} 0-1

[Event "3rd Sharjah Masters 2019"]
[Site "Sharjah"]
[Date "2019.03.23"]
[Round "2.33"]
[White "Lorparizangeneh, Shahin"]
[Black "Amdouni, Zoubaier"]
[Result "1-0"]
[WhiteElo "2493"]
[BlackElo "2275"]
[Annotator "TA"]
[PlyCount "49"]
[EventDate "2019.03.22"]
[EventType "swiss"]
[EventCountry "UAE"]
[SourceTitle "playchess.com"]
[Source "ChessBase"]
[SourceQuality "1"]

{[%evp 15,49,-15,4,0,84,73,76,56,117,108,126,126,299,305,406,396,455,455,447,450,413,425,436,449,491,498,521,521,517,514,604,609,761,752,717,709]} 1. Nf3 Nf6 2. g3 d5 3. Bg2 Bf5 4. O-O e6 5. c4 c6 6. cxd5 exd5 7. d3 Be7 8. Nc3 O-O 9. Qb3 {A11: English Opening: 1...c6} Qd7 $146 {[#]} (9... Nbd7 $11) ({Predecessor:} 9... Qb6 10. Qc2 h6 11. e4 dxe4 12. dxe4 Bh7 13. Be3 Qa6 14. Rfd1 Nbd7 15. a3 b6 16. Nd4 Rac8 {½-½ (86) Oparin,G (2613)-Reshetnikov,A (2492) St Petersburg 2018}) 10. e4 $1 $16 {[%cal Re4f5]} Be6 {Strongly threatening ...dxe4.} 11. Ng5 {White is better.} d4 ({Black should play} 11... Bg4 $14) 12. Nxe6 Qxe6 13. Qxb7 dxc3 $2 (13... Nbd7 $16) 14. Qxa8 $18 cxb2 15. Bxb2 Qd7 16. Rfc1 Rc8 17. Bxf6 Bxf6 18. Rab1 Be5 {White is clearly winning.} 19. Qb7 Qxb7 20. Rxb7 Bd4 21. Rc4 c5 22. e5 h6 23. Bd5 Nc6 24. Rxf7 {[#] aiming for Rc7+.} Kh8 25. e6 {Accuracy: White = 100%, Black = 17%.} 1-0

[Event "3rd Sharjah Masters 2019"]
[Site "Sharjah"]
[Date "2019.03.23"]
[Round "2.34"]
[White "Divya Deshmukh"]
[Black "Iniyan, P."]
[Result "0-1"]
[WhiteElo "2266"]
[BlackElo "2487"]
[Annotator "TA"]
[PlyCount "132"]
[EventDate "2019.03.22"]
[EventType "swiss"]
[EventCountry "UAE"]
[SourceTitle "playchess.com"]
[Source "ChessBase"]
[SourceQuality "1"]

{[%evp 16,132,49,28,31,29,55,50,52,36,65,67,159,127,164,84,60,-33,-39,-48,-48,-86,-91,-91,-91,-96,-84,-77,-74,-116,-127,-140,-132,-142,-126,-166,-160,-169,-156,-133,-139,-152,-142,-200,-195,-200,-129,-195,-197,-217,-188,-224,-131,-135,-135,-157,-144,-203,-187,-284,-195,-248,-221,-202,-49,-49,0,-49,-49,-49,-49,-49,-49,-128,-128,-166,-166,-179,-184,-181,-187,-179,-179,-177,-87,-87,-102,-102,-102,-177,-87,-94,0,-177,-138,-138,-129,-557,-553,-553,-544,-495,-490,-596,-366,-443,-339,-1219,-474,-1210,-881,-1482,-1482,-1482,-1482,-2077,-1535,-6033,-4973]} 1. e4 c5 2. Nf3 d6 3. d4 cxd4 4. Nxd4 Nf6 5. Nc3 a6 6. Bg5 e6 7. f4 Qc7 8. Bxf6 gxf6 9. Be2 Nc6 {B96: Sicilian Najdorf: 6 Bg5 e6 7 f4, lines other than 7...Qb6 and 7...Be7} 10. Qd3 h5 11. O-O-O Bd7 {White is slightly better.} 12. f5 Bh6+ $146 ({Predecessor:} 12... O-O-O 13. Qh3 Nxd4 14. Rxd4 Qa5 15. Kb1 h4 16. Rhd1 Be7 17. Bg4 {1-0 (39) Fier,A (2589)-Vasques,A (2307) Leiria 2017}) 13. Kb1 Bf4 (13... Nxd4 $1 $14 14. Qxd4 {[%mdl 64] Double Attack} Bg7) 14. fxe6 $1 $16 fxe6 15. Qc4 (15. Bxh5+ $1 $18 Kf8 16. Nce2) 15... Qc8 16. Nxc6 (16. g3 $14 Be5 17. Nf3) 16... Qxc6 $15 17. Qb3 Be5 18. Rd3 Ke7 19. Bf3 b5 20. Ne2 {[#]} b4 $1 {[%mdl 512]} 21. Rd2 (21. Qxb4 Rhb8) 21... a5 {[%cal Ba6a5,Ba5a4][%mdl 32]} 22. Qe3 {[#]} Qc5 $1 {[%cal Rc5e3]} 23. Qxc5 dxc5 24. Rhd1 Bc6 25. h4 a4 26. b3 Ra7 27. Nc1 Bc3 28. Rd6 Rc8 29. Ne2 (29. e5 $17 Bxf3 30. exf6+ Bxf6 31. gxf3) 29... Be5 30. R6d2 Rb8 31. Rd3 (31. Nc1 $17) 31... Rba8 32. R3d2 Bb5 33. Bxh5 Rh8 (33... axb3 $19 34. cxb3 Rh8) 34. Bf3 $17 Rxh4 35. Nc1 Rh8 {Strongly threatening ...Bf4.} 36. Nd3 (36. Be2 $17 {keeps fighting.} Bc6 37. Bf3) 36... Bc3 {...axb3 is the strong threat.} 37. Rf2 (37. bxa4 $142 Bc4 38. Nf4) 37... Bd4 38. Rff1 (38. Rfd2 $142) 38... axb3 39. cxb3 Rxa2 $2 (39... e5 $19 {Hoping for ...Rha8.} 40. Be2 Raa8) 40. Kxa2 $15 {And now e5 would win.} Ra8+ 41. Kb1 {Threatens to win with Nc1.} Bxd3+ 42. Rxd3 {aiming for Rdd1.} Ra1+ 43. Kc2 Rxf1 {[%mdl 4096] Endgame KRB-KRB} 44. Rd2 ({Better is} 44. Rd1 $15 Rf2+ 45. Rd2) 44... Ra1 $17 45. Kd3 Rb1 46. Bd1 Bc3 47. Bc2 Rg1 48. Re2 Kd6 49. Kc4 Bd4 (49... Kc6 $19 50. Rf2 Ra1) 50. Kb5 Ra1 51. Bd3 Ra8 52. Kc4 (52. Bc4 $17 {was worth a try.}) 52... Ke5 (52... Bc3 $19 53. Bc2 Kc6) 53. Kb5 Kd6 (53... Ra3 $17 54. Bc4 Ra8) 54. Kc4 $1 $19 Rg8 55. Ra2 Rg3 56. Bf1 $2 {[%mdl 8192] [#]} (56. Rd2 $17 {is tougher.}) 56... Rc3+ $1 57. Kb5 Rxb3 58. Ra6+ Ke5 59. Bc4 Rg3 60. Rxe6+ Kf4 61. Ka4 $2 (61. e5 f5 62. Rh6 Kxe5 63. Re6+ Kf4 64. Re1) 61... Ra3+ {Black is clearly winning.} 62. Kb5 b3 {[%cal Bb4b3,Bb3b2][%mdl 32] White must now prevent ...b2.} 63. Rb6 b2 64. Kc6 Ra1 65. g3+ Kxe4 66. Bd5+ Ke5 {Accuracy: White = 48%, Black = 66%.} 0-1

[Event "3rd Sharjah Masters 2019"]
[Site "Sharjah"]
[Date "2019.03.23"]
[Round "2.35"]
[White "Nguyen, Anh Khoi"]
[Black "Kaabi, Mejdi"]
[Result "1-0"]
[WhiteElo "2484"]
[BlackElo "2266"]
[Annotator "TA"]
[PlyCount "57"]
[EventDate "2019.03.22"]
[EventType "swiss"]
[EventCountry "UAE"]
[SourceTitle "playchess.com"]
[Source "ChessBase"]
[SourceQuality "1"]

{[%evp 10,57,47,23,49,51,91,91,104,103,100,94,108,80,75,27,39,30,13,10,83,49,118,101,101,111,110,64,122,114,187,188,186,199,242,231,237,227,232,236,235,233,212,229,365,372,412,406,392,381]} 1. d4 Nf6 2. c4 g6 3. Nc3 Bg7 4. e4 d6 5. h3 O-O 6. Be3 a6 {E71: King's Indian: 4 e4 d6 5 h3} (6... Nbd7 7. Nf3 e5 8. d5 Nh5 9. Nd2 a5 10. g3 Nc5 11. Be2 Nf6 12. g4 c6 13. h4 cxd5 14. cxd5 Bd7 15. h5 a4 16. f3 b5 17. h6 {1-0 (27) Nakamura,H (2746)-Amin,B (2710) St Petersburg 2018}) 7. Nf3 c5 8. dxc5 dxc5 {White is better.} 9. Qxd8 Rxd8 10. Bxc5 Nc6 11. Be2 Be6 12. O-O $146 ({Predecessor:} 12. Ng5 Nd7 13. Be3 Nd4 14. Nxe6 fxe6 {½-½ (45) Andersen,M (2496)-Gabuzyan,H (2538) Yerevan 2014}) 12... Nd7 13. Ba3 Bxc3 14. bxc3 Na5 (14... Nb6 $11 {keeps the balance.}) 15. Rfd1 Nb6 ({Black should play} 15... Kf8 $14) 16. Bxe7 $16 Re8 17. Bb4 Naxc4 18. Rab1 Rac8 {[#]} ({Better is} 18... Na4 $14) 19. Ng5 $1 $36 {[%mdl 2048] White is in control.} a5 (19... h5 $16) 20. Bxa5 $1 $18 {[%mdl 64] Deflection} Nxa5 21. Rxb6 Rxc3 22. Nxe6 Rxe6 23. Rxe6 fxe6 {[%mdl 4096] Endgame KRB-KRN} 24. Bg4 e5 25. Be6+ Kg7 26. Rd7+ Kf6 (26... Kh8 $142 27. Bd5 b5) 27. Bd5 {White is winning.} h5 28. h4 {[%csl Gd5][%cal Rd7f7] [#]} g5 29. Rd6+ {Accuracy: White = 79%, Black = 24%.} 1-0

[Event "3rd Sharjah Masters 2019"]
[Site "Sharjah"]
[Date "2019.03.23"]
[Round "2.36"]
[White "Kunal, M.."]
[Black "Nigmatov, Ortik"]
[Result "1-0"]
[WhiteElo "2258"]
[BlackElo "2478"]
[Annotator "TA"]
[PlyCount "99"]
[EventDate "2019.03.22"]
[EventType "swiss"]
[EventCountry "UAE"]
[SourceTitle "playchess.com"]
[Source "ChessBase"]
[SourceQuality "1"]

{[%evp 16,99,0,-3,-3,-3,-2,-11,0,-39,-11,-26,-13,-27,-16,-10,-13,-33,-33,-35,-24,-32,-39,-40,-37,-47,-14,-16,-15,-8,0,-21,-9,-14,-13,-43,-11,-40,-60,-90,0,-78,-77,-77,-35,-102,-6,-8,-8,-10,0,0,0,0,-12,-38,-39,-93,-98,-93,0,0,95,95,100,0,56,16,13,0,0,-44,148,145,206,195,200,186,430,400,799,794,742,850,850,908]} 1. e4 e5 2. Nf3 Nc6 3. Bb5 a6 4. Bxc6 dxc6 5. d4 exd4 6. Qxd4 Qxd4 7. Nxd4 c5 8. Ne2 Bd7 9. Nbc3 O-O-O {C68: Ruy Lopez: Exchange Variation, sidelines} 10. Be3 Re8 (10... b6) 11. O-O-O b6 {The position is equal.} 12. Rd2 $146 ({Predecessor:} 12. Rhe1 Ne7 13. f3 g6 14. Nf4 Bg7 15. Ncd5 Bc6 16. Nxe7+ Rxe7 {½-½ (37) Lopez Caudevilla,D (2018)-Cebollada Pacheco,J (2030) Aragon 2013}) 12... Ne7 13. Ng3 h5 14. h4 Ng6 15. Nd5 Be6 16. Nf4 (16. b3 {keeps more tension.} Kb7 17. f3 Bd6 18. Ne2 f5 19. Ndf4) 16... Nxf4 17. Bxf4 a5 18. a3 a4 19. Nf1 b5 20. Ne3 Kb7 21. f3 Be7 22. Nd5 Bd8 23. Be3 Kc6 24. Nf4 Be7 25. Nd3 b4 26. c3 bxc3 27. bxc3 {[%cal Bb2c3,Bc3c4][%mdl 32]} Kb5 (27... f6 $17) 28. Bg5 (28. Ne5 $11 {remains equal.}) 28... f6 $17 29. Bf4 Rc8 30. Nb2 (30. e5 $15) 30... Bb3 (30... Kc6 $17 {Black wants to play ...Rb8.} 31. Nd3 Rb8) 31. Rd7 $132 {[%mdl 2048] White is not keeping still} Rhe8 {...Kc6 is the strong threat.} 32. c4+ $1 Kc6 33. Rd5 g6 34. Kd2 Rb8 35. Ra1 f5 {And now ...fxe4 would win.} 36. Kc3 ({White should try} 36. g3 $15) 36... fxe4 $17 37. fxe4 Rbd8 (37... Bxh4 $17 38. Nd3 Rxe4 39. Rxc5+ Kd7) 38. Nd3 $11 Bf6+ (38... Rxd5 $11 39. exd5+ (39. cxd5+ Kb6 $17) 39... Kd7 40. Ne5+ Kc8) 39. Be5 $16 Be7 {[#]} 40. g3 (40. Rf1 $1 $16) 40... Rf8 (40... Rxd5 $11 41. exd5+ (41. cxd5+ Kb7 $11) 41... Kd7) 41. Nf4 Kb7 42. Rxd8 Bxd8 43. Kd3 c6 $2 (43... Re8 $15 {keeps the upper hand.} 44. Bg7 g5 45. hxg5 (45. Nxh5 gxh4 46. e5 hxg3 $11) 45... Bxg5) 44. Ne6 Re8 (44... Rg8 $16 45. Nxc5+ Kc8 46. Nxb3 axb3) 45. Nxc5+ $18 Kc8 {[#]} 46. Bd6 $1 Bf6 $2 (46... Bb6) 47. Rf1 Bb2 (47... Be7 $142) 48. Rf7 {Rc7+ would kill now.White is clearly winning.} ({Not} 48. Nxb3 Kd7 $18) 48... Rd8 49. Rc7+ {[%mdl 64] Double Attack} Kb8 50. Nd7+ {Accuracy: White = 39%, Black = 41%.} 1-0